• 首页
  • 本馆介绍
  • 公告通知
  • 最新文献
  • 馆藏检索
  • 电子资源
  • 读者导购
  • 参考咨询
  • 我的图书馆
  • 登录
  • 详细信息显示
  • 放入我的书架
  • 预约/预借图书
  • 作者相关作品
  • 分类相关作品
  • 丛书相关作品
  • 出版社相关作品

书目信息

  • 表格格式
  • 工作单格式
  • 卡片格式
题名:
国民教育经济学
    
 
作者: 科斯坦扬 主编 ;孙夏南 译
分册:  
出版信息: 长春   吉林人民出版社  1981
页数: 272页
开本: 19cm
丛书名:
单 册:
中图分类: F512.42
科图分类:
主题词: 教育经济学-国民教育 , 交通运输经济--概况--世界 , 国民教育-教育经济学
电子资源:
ISBN:
000 00809nam0 2200265 45
001 0181007209
005 20060817163041.15
010    @dCNY0.66
091    @a4091.158
100    @a19950623d1981 em y0chiy0121 ea
101 1  @achi@crus
102    @aCN@b220000
105    @ay z 000yy
200 10 @a国民教育经济学@Aguo min jiao yu jing ji xue@f(苏)斯·尔·科斯坦扬主编@F(su)si·er·ke si tan yang zhu bian@g孙夏南等译
210    @a长春@c吉林人民出版社@d1981
215    @a272页@d19cm
606    @a教育经济学-国民教育
606 0  @a交通运输经济@x概况@x世界
606    @a国民教育-教育经济学
690    @aF512.42
701  0 @a科斯坦扬@Ake si tan yang@4主编
702  0 @a孙夏南@Asun xia nan@4译
801  2 @aCN@bNLC@c20060817
801  0 @aCN@b上海图书馆@c20060801
905    @f4@b67884-887@dF512.42@e3
    
    国民教育经济学/(苏)斯·尔·科斯坦扬主编/孙夏南等译.-长春:吉林人民出版社,1981
    272页;19cm
    
    
    ISBN :CNY0.66
    
●
相关链接 在E读中查询图书 在五车中查询图书 在当当中查询图书 在豆瓣中查询图书


正题名:国民教育经济学     索取号:F512.42/3         预约/预借

序号 登录号 条形码 馆藏地/架位号 状态 备注
1 0067883   202165557   密集书库/ [索取号:F512.42/3] 在馆    
2 0067884   000488001   密集书库/ [索取号:F512.42/3] 在馆    
3 0067885   000487976   密集书库/ [索取号:F512.42/3] 在馆    
4 0067886   000487994   第一借阅区/ [索取号:F512.42/3] 在馆    
5 0067887   000487985   第一样本阅览室/ [索取号:F512.42/3] 在馆    
6 0441182   204411822   密集书库/ [索取号:F512.42/3] 在馆    
7 0465444   204654445   密集书库/ [索取号:F512.42/3] 在馆    
唐山师范学院图书馆 欢迎您!
大连网信软件有限公司© 版权所有